LEADER 01019cam0 22002891 450 001 SOBE00019383 005 20111107105325.0 100 $a20111107d1961 |||||ita|0103 ba 101 $afre 102 $aFR 200 1 $aFables$fPhèdre$gtexte établi et traduit par Alice Brenot 210 $aParis$cSociété d'édition "Les Belles Lettres"$d1961 215 $aXVI, 113 p.$d20 cm 225 2 $aCollection des Universités de France 300 $aTesto latino a fronte 410 1$1001LAEC00018970$12001 $a*Collection des Universités de France 700 0$aPhaedrus$3A600200033919$4070$0180711 702 1$aBrenot, Alice$3SOBA00001541$4070 801 0$aIT$bUNISOB$c20111107$gRICA 850 $aUNISOB 852 $aUNISOB$j870|Coll|3|K$m9749 912 $aSOBE00019383 940 $aM 102 Monografia moderna SBN 941 $aM 957 $a870|Coll|3|K$b000026$gSI$d9749$racquisto$tN$1cutolo$2UNISOB$3UNISOB$420111107105052.0$520120412110646.0$6cutolo 996 $aFabulae Aesopicae$928607 997 $aUNISOB